Utah Jazz: All-Star Selections - Statistics

General Stats
  • This quiz has been taken 351 times
    197 since last reset
  • The average score is 10 of 16
Answer Stats
Amount of Selections Player % Correct
10 John Stockton
99%
14 Karl Malone
99%
3 Donovan Mitchell
88%
3 Rudy Gobert
88%
3 Pete Maravich
76%
1 Lauri Markkanen
65%
6 Adrian Dantley
64%
1 Mark Eaton
61%
2 Deron Williams
58%
1 Gordon Hayward
56%
1 Andrei Kirilenko
53%
2 Carlos Boozer
52%
1 Mike Conley
51%
1 Mehmet Okur
33%
1 Truck Robinson
14%
1 Ricky Green
11%
No matching quizzes found
Score Distribution
Percent of People with Each Score
Percentile by Number Answered
Your Score History
You have not taken this quiz since the last reset